Kps Gill : (Record no. 167473)
[ view plain ]
| 000 -LEADER | |
|---|---|
| fixed length control field | 00567nam a22001817a 4500 |
| 005 - DATE AND TIME OF LATEST TRANSACTION | |
| control field | 20190904151718.0 |
| 010 ## - LCCN (DPL NO) | |
| LC control number | ENG-126414 |
| 020 ## - INTERNATIONAL STANDARD BOOK NUMBER | |
| Terms of availability | 295.00 |
| International Standard Book Number | 978-93-50335-60-4 |
| 035 ## - SYSTEM CONTROL NUMBER | |
| System control number | EN-109946 |
| 037 ## - SOURCE OF ACQUISITION | |
| Source of stock number/acquisition | DBAD/PUB |
| 082 ## - DEWEY DECIMAL CLASSIFICATION NUMBER | |
| Classification number | 920 |
| 100 ## - MAIN ENTRY--PERSONAL NAME | |
| Personal name | Chandan, Rahul |
| 245 ## - TITLE STATEMENT | |
| Title | Kps Gill : |
| Statement of responsibility, etc | by Rahul Chandan |
| Remainder of title | The Paramount Cop / |
| 260 ## - PUBLICATION, DISTRIBUTION, ETC. (IMPRINT) | |
| Place of publication, distribution, etc | Noida |
| Name of publisher, distributor, etc | Maple Press Private Limited |
| Date of publication, distribution, etc | 2018 |
| 270 ## - ADDRESS | |
| City | Noida |
| Address | A-63,sector 58, Noida |
| Postal code | 201301 |
| Telephone number | +911204553581 |
| -- | 4553583 |
| Electronic mail address | info@maplepress.co.in |
| 300 ## - PHYSICAL DESCRIPTION | |
| Extent | 204p. |
| Dimensions | 22cm(pb) |
| 942 ## - ADDED ENTRY ELEMENTS (KOHA) | |
| Source of classification or shelving scheme | Dewey Decimal Classification |
| Item type | English Books |
| Classification part | 920 |
| Call number suffix | CHA |
| Withdrawn status | Lost status | Not for loan | Collection code | Home library | Current library | Date acquired | Source of acquisition | Cost, normal purchase price | Full call number | Barcode | Copy number | Cost, replacement price | Koha item type |
|---|---|---|---|---|---|---|---|---|---|---|---|---|---|
| Non-fiction | Bawana | Bawana | 04/09/2019 | DBAD/PUB | 295.00 | 920 CHA | EN-109946 | 1 | 295.00 | English Books |
